000 02029nam a22002897a 4500
001 8319
003 FISKH
005 20250909090932.0
008 250909b cb ||||| |||| 00| 0 eng d
020 _a9789996301902
040 _aFISKH
_bkhr
_cFISKH
_dFISKH
050 _aPZ7
082 _a398.2
100 _aPisey, Pol
245 _aថ្ម ក្រអូប :
_bThe fragrant stone /
260 _aPhnom Penh :
_bReading Books,
_c2013.
300 _a21 pages :
_bcolor illustrations ;
_c18 x 25 cm
505 _aL
520 _aថ្មក្រអូប ជារឿងព្រេងប្រជាប្រិយកម្ពុជា ដែលនិយាយអំពីថ្មមួយក្បាលមានក្លិនក្រអូបអស្ចារ្យ។ ប្រជាជនធម្មតាបានរកឃើញវា ប៉ុន្តែពេលដំណឹងនេះបានរីករាលដាល មនុស្សច្រើនបានចាប់ផ្តើមមានចិត្តលោភលន់ និងចង់កាន់កាប់វាដោយខ្លួនឯង។ ចុងក្រោយ រឿងនេះបង្រៀនថា ចិត្តលោភ និងការរើសអើងអាចបំផ្លាញសុខដុមរមន, ខណៈដែល ចិត្តសប្បុរស និងការមានសេចក្តីសុខចិត្ត បង្កើតនូវសុភមង្គលពិតប្រាកដ។
520 _aThe Fragrant Stone is a Cambodian folktale about a magical stone with a sweet fragrance. When villagers discover it, greed and jealousy arise among those who want to possess it. The story teaches that selfishness can destroy harmony, while kindness, generosity, and contentment bring true happiness.
521 8 _a510
_bLexile estimate
521 8 _aL
_bRaz-Plus
650 _aStone
650 _aថ្ម
942 _2ddc
_cKHB
_n0
999 _c8319
_d8319